| 000 | 00916nam a2200229 a 4500 | ||
|---|---|---|---|
| 005 | 20210223131751.0 | ||
| 008 | 080730s1980 mx r 000 0 spa d | ||
| 035 | _aUPN01000185251 | ||
| 049 | _aUNE | ||
| 080 | _a372.3 (729.3) =40 TEN No.54. | ||
| 245 | 0 | 0 |
_aRepública Dominicana. Secretaría de Estado de Educación, Bellas Artes y Cultos : _bTentatives en vue de resoudre le probleme de l´education pre-scolaire non formelle |
| 260 |
_aParís : _bUNESCO ; _aNueva York : _bUNICEF ; _c1980. |
||
| 300 |
_a14 p. : _bil., fot. |
||
| 440 | 0 |
_aNotes, Comments ... ; _v54. |
|
| 690 | _aEducación preescolar - Educacion no formal - Rep. Dominicana | ||
| 690 | _aCurrículo preprimario - Educación no formal - Rep. Dominicana | ||
| 690 | _aRepublica Dominicana - Educación preescolar | ||
| 710 | 2 | _aUNESCO | |
| 710 | 2 |
_aUNICEF _924085 |
|
| 710 | 2 |
_aWFP. _bPrograma de Alimentación Mundial. |
|
| 905 | _aUNESCO | ||
| 999 |
_c157354 _d157354 |
||